Lieux célèbres du Monde par images #4 - Statistiques

Statistiques générales
  • Ce quiz a été pris 504 fois
  • Le résultat moyen est 6 sur 12
Statistiques - réponses
Par images Réponse % Correct
Tour de Pise
98%
Statue de la Liberté
97%
Pétra
66%
Grande Barrière de Corail
62%
Grand Canyon
61%
Atomium
58%
Tour de Tokyo
32%
Tour de Belém
30%
One World Trade Center
29%
Baie de Hạ Long
24%
Pont de Sydney
11%
Mémorial du Martyr
3%
Aucun quiz correspondant
Distribution des résultats
% des personnes avec chaque résultat
Percentile par nombre de réponses
Votre historique - résultats
Vous n’avez pas pris ce quiz